| 000 | 00610nam a2200193 i 4500 | ||
|---|---|---|---|
| 001 | 39580 | ||
| 003 | ES-MaACL | ||
| 005 | 20230906160032.0 | ||
| 007 | t| | ||
| 008 | 030303s1953 sp ||||1| spa d | ||
| 100 | 1 |
_aCanosa, Ramón. _934589 |
|
| 245 | 1 | 0 |
_aHistoria menuda de un pueblo gallego _b: [Vivero] / _cRamón Canosa. |
| 250 | _a[1ª ed.]. | ||
| 260 |
_aBarcelona : _bJuventud, _c[1953] ( _fCasa Provincial de Caridad, Imp. Escuela) |
||
| 300 |
_a159 p., 8 lám. ; _c22 cm. |
||
| 500 | _aTitulo tomado de la pág. 5. | ||
| 651 | 4 |
_aVivero- _xHistoria. _9157554 |
|
| 852 |
_aES-MaACL _jD-9297 _bR.34608 |
||
| 999 |
_c39580 _d39580 |
||